| 000 | 005750000a22002050004500 | ||
|---|---|---|---|
| 003 | LK-CoMWRAF | ||
| 005 | 20231213174421.0 | ||
| 008 | 230817t2005 ||||| |||| 00| 0 eng d | ||
| 020 | _a0333932030 | ||
| 040 |
_aLK-CoMWRAF _dLK-CoMWRAF _eLK-CoMWRAF |
||
| 041 | _aeng | ||
| 082 |
_a423 _bMAC |
||
| 245 | _aMacmillan Student's Dictionary | ||
| 250 | _aNew Edition | ||
| 260 |
_aChennai: _bMacmillan India, _c2005 |
||
| 300 | _axxi, 516 p. : ill. (some col.) ; 27 cm. | ||
| 650 | _aENGLISH LANGUAGE-Dictionaries, Juvenile. | ||
| 700 |
_aManser, Martin H. _eed. |
||
| 942 | _cREF | ||
| 999 |
_c840 _d840 |
||